<?xml version="1.0" encoding="UTF-8"?>
<collection xmlns="http://www.loc.gov/MARC21/slim">
<record>
  <controlfield tag="001">87529</controlfield>
  <controlfield tag="005">20230921135430.0</controlfield>
  <datafield tag="024" ind1="7" ind2=" ">
    <subfield code="2">doi</subfield>
    <subfield code="a">10.5944/hme.11.2020.23545</subfield>
  </datafield>
  <datafield tag="024" ind1="8" ind2=" ">
    <subfield code="2">sideral</subfield>
    <subfield code="a">111619</subfield>
  </datafield>
  <datafield tag="037" ind1=" " ind2=" ">
    <subfield code="a">ART-2020-111619</subfield>
  </datafield>
  <datafield tag="041" ind1=" " ind2=" ">
    <subfield code="a">spa</subfield>
  </datafield>
  <datafield tag="100" ind1=" " ind2=" ">
    <subfield code="a">Muñoz-Escolano, José M.</subfield>
    <subfield code="u">Universidad de Zaragoza</subfield>
    <subfield code="0">(orcid)0000-0002-8713-4591</subfield>
  </datafield>
  <datafield tag="245" ind1=" " ind2=" ">
    <subfield code="a">Análisis de los prólogos de los textos algebraicos publicados en España durante el siglo XVI</subfield>
  </datafield>
  <datafield tag="260" ind1=" " ind2=" ">
    <subfield code="c">2020</subfield>
  </datafield>
  <datafield tag="506" ind1="0" ind2=" ">
    <subfield code="a">Access copy available to the general public</subfield>
    <subfield code="f">Unrestricted</subfield>
  </datafield>
  <datafield tag="520" ind1="3" ind2=" ">
    <subfield code="a">En este trabajo, utilizando el método de investigación histórico, se analizan los prólogos de aquellas obras escritas en español y publicadas durante el siglo XVI que poseen contenido algebraico. En concreto, se han estudiado un total de diez prólogos, provenientes de seis textos escritos por cuatro autores. El análisis documental realizado se lleva a cabo en un doble plano. Por un lado, se identifican los temas generales abordados por los autores en los fragmentos considerados y, por otro lado, se identifican rasgos relacionados con las concepciones y creencias de los autores respecto a aspectos relacionados con la naturaleza de las matemáticas, con su enseñanza y su aprendizaje. La metodología utilizada es de tipo cualitativo y sigue un enfoque deductivo. Se han identificado una gran variedad de temas generales tanto en los prólogos dirigidos al lector como en aquellos dirigidos a personas concretas, mientras que los aspectos relacionados con concepciones y creencias se concentran principalmente en los prólogos al lector. Las categorías utilizadas cubren la práctica totalidad del texto analizado. Los temas más tratados tienen que ver con las declaraciones de intenciones, la veracidad, la importancia y la novedad o tradición. En cuanto a las creencias, los aspectos más tratados tienen que ver con la naturaleza de las matemáticas, seguidos de aquellos que tienen que ver con cómo enseñar o aprender matemáticas.</subfield>
  </datafield>
  <datafield tag="536" ind1=" " ind2=" ">
    <subfield code="9">info:eu-repo/grantAgreement/ES/DGA-FEDER/Construyendo Europa desde Aragón</subfield>
    <subfield code="9">info:eu-repo/grantAgreement/ES/DGA/S36-17D</subfield>
    <subfield code="9">info:eu-repo/grantAgreement/ES/MINECO/EDU2016-78764-P</subfield>
  </datafield>
  <datafield tag="540" ind1=" " ind2=" ">
    <subfield code="9">info:eu-repo/semantics/openAccess</subfield>
    <subfield code="a">by-nc</subfield>
    <subfield code="u">http://creativecommons.org/licenses/by-nc/3.0/es/</subfield>
  </datafield>
  <datafield tag="592" ind1=" " ind2=" ">
    <subfield code="a">0.0</subfield>
    <subfield code="b">2020</subfield>
  </datafield>
  <datafield tag="593" ind1=" " ind2=" ">
    <subfield code="a">History</subfield>
    <subfield code="c">2020</subfield>
  </datafield>
  <datafield tag="593" ind1=" " ind2=" ">
    <subfield code="a">Education</subfield>
    <subfield code="c">2020</subfield>
  </datafield>
  <datafield tag="655" ind1=" " ind2="4">
    <subfield code="a">info:eu-repo/semantics/article</subfield>
    <subfield code="v">info:eu-repo/semantics/publishedVersion</subfield>
  </datafield>
  <datafield tag="700" ind1=" " ind2=" ">
    <subfield code="a">Oller-Marcén, Antonio M.</subfield>
    <subfield code="0">(orcid)0000-0002-8191-3199</subfield>
  </datafield>
  <datafield tag="710" ind1="2" ind2=" ">
    <subfield code="1">2006</subfield>
    <subfield code="2">200</subfield>
    <subfield code="a">Universidad de Zaragoza</subfield>
    <subfield code="b">Dpto. Matemáticas</subfield>
    <subfield code="c">Área Didáctica Matemática</subfield>
  </datafield>
  <datafield tag="773" ind1=" " ind2=" ">
    <subfield code="g">11 (2020), 51-85</subfield>
    <subfield code="p">Hist. mem. educ.</subfield>
    <subfield code="t">Historia y Memoria de la Educacion</subfield>
    <subfield code="x">2444-0043</subfield>
  </datafield>
  <datafield tag="856" ind1="4" ind2=" ">
    <subfield code="s">298145</subfield>
    <subfield code="u">http://zaguan.unizar.es/record/87529/files/texto_completo.pdf</subfield>
    <subfield code="y">Versión publicada</subfield>
  </datafield>
  <datafield tag="856" ind1="4" ind2=" ">
    <subfield code="s">77329</subfield>
    <subfield code="u">http://zaguan.unizar.es/record/87529/files/texto_completo.jpg?subformat=icon</subfield>
    <subfield code="x">icon</subfield>
    <subfield code="y">Versión publicada</subfield>
  </datafield>
  <datafield tag="909" ind1="C" ind2="O">
    <subfield code="o">oai:zaguan.unizar.es:87529</subfield>
    <subfield code="p">articulos</subfield>
    <subfield code="p">driver</subfield>
  </datafield>
  <datafield tag="951" ind1=" " ind2=" ">
    <subfield code="a">2023-09-21-13:29:59</subfield>
  </datafield>
  <datafield tag="980" ind1=" " ind2=" ">
    <subfield code="a">ARTICLE</subfield>
  </datafield>
</record>
</collection>